| 000 | 01696nam a22004577a 4500 | ||
|---|---|---|---|
| 003 | CHAP | ||
| 005 | 20251128104537.0 | ||
| 008 | 971010s1984 r 00010 d | ||
| 010 | _a65358 | ||
| 011 | _a66330 | ||
| 035 | _a74436 | ||
| 040 | _cCHAP | ||
| 090 | _aTesis | ||
| 100 | 1 | 0 |
_aCano Medrano, Raquel _918413 |
| 245 | _aEfecto de la 8-hidroxiquinolina cítrato y sacarosa en la conservación refrigerada de la flor cortada de gladiola (Gladiolus sp.) | ||
| 260 |
_aChapingo, Méx. : _bEl autor, _c1984 |
||
| 300 |
_a60 h. _b: gráfs. apénd. |
||
| 502 | _aTesis (Ing. Agr. Esp. en Industrias Agrícolas) -- UACH. Departamento de Industrias Agrícolas | ||
| 590 |
_aALEPH _b10 _c20130110 _lUCH01 _h1356 |
||
| 590 |
_aBATCH-UPD _b10 _c20130110 _lUCH01 _h0456 |
||
| 590 |
_aBATCH-UPD _b10 _c20130110 _lUCH01 _h2153 |
||
| 590 |
_aBATCH-UPD _b10 _c20130410 _lUCH01 _h0134 |
||
| 590 |
_aBATCH-UPD _b10 _c20130914 _lUCH01 _h1418 |
||
| 590 |
_aCONVERSION _b10 _c20130109 _lUCH01 _h1336 |
||
| 650 | 1 | 4 |
_aFlores _xCorte. _941368 |
| 650 | 1 | 4 |
_aFlores _xPreservación. _941402 |
| 650 | 1 | 4 |
_aGladiolas. _948227 |
| 650 | 1 | 4 |
_aSacarosa. _9101122 |
| 700 | 1 |
_aViramontes Alvarado, Guillermo _9119907 |
|
| 901 | _aBK | ||
| 942 | _cFOLL | ||
| 949 |
_bBC _cTES _d-138606 _eTS1 _i74436 _si |
||
| 949 |
_bBC _cTES _d-138607 _eTS2 _fc.2 _i74436 _si |
||
| 949 |
_bBC _cTES _d-138608 _eTS2 _fc.3 _h21732 _i74436 _si |
||
| 949 |
_bIA _cTESBD _d-64007 _eTS2 _fc.2 _i74436 _si |
||
| 949 |
_bIA _cTESBD _d-64008 _eTS2 _fc.3 _i74436 _si |
||
| 949 |
_bIA _cTESBD _d-64009 _eTS2 _fc.4 _i74436 _si |
||
| 949 |
_bIA _cTESBD _d-64010 _eTS2 _fc.5 _i74436 _si |
||
| 949 |
_bIA _cTESBD _d-7306 _eTS1 _i74436 _si |
||
| 949 |
_bZA _cTESBD _d-8736 _eTS1 _h80 _i74436 _si |
||
| 999 |
_c65358 _d65358 |
||